Crap Shoot: The Documentary (Record no. 333125)
[ view plain ]
| 000 -LEADER | |
|---|---|
| fixed length control field | 00533nam a2200097Ia 4500 |
| 008 - FIXED-LENGTH DATA ELEMENTS--GENERAL INFORMATION | |
| fixed length control field | 170517s9999 xx 000 0 und d |
| 245 ## - TITLE STATEMENT | |
| Title | Crap Shoot: The Documentary |
| 300 ## - PHYSICAL DESCRIPTION | |
| Extent | A research scientist and his narrator cruise the endless urban maze of Los Angeles trying to find order in the chaotic world of feature filmmaking. Their fascinating discourse on Hollywood's creative development process degenerates into a hilarious road trip as their... |
| 650 ## - SUBJECT ADDED ENTRY--TOPICAL TERM | |
| General subdivision | Art. |
| 856 ## - ELECTRONIC LOCATION AND ACCESS | |
| Uniform Resource Identifier | <a href="http://topdocumentaryfilms.com/crap-shoot-documentary/">http://topdocumentaryfilms.com/crap-shoot-documentary/</a> |
| Withdrawn status | Lost status | Damaged status | Home library | Current library | Date acquired | Total Checkouts | Date last seen | Price effective from | Koha item type |
|---|---|---|---|---|---|---|---|---|---|
| College Library | College Library | 05/17/2017 | 05/17/2017 | 05/17/2017 | Documentary Films |